<?xml version="1.0" encoding="UTF-8"?>
<marc:record xmlns:marc="http://www.loc.gov/MARC21/slim">
   <marc:leader>00000nam a2200000 a 4500</marc:leader>
   <marc:datafield ind1="1" ind2=" " tag="100">
      <marc:subfield code="a">Pflüger, Andreas</marc:subfield>
      <marc:subfield code="4">aut</marc:subfield>
      <marc:subfield code="e">Verfasser/-in</marc:subfield>
   </marc:datafield>
   <marc:datafield ind1="0" ind2="0" tag="245">
      <marc:subfield code="a">Kälter</marc:subfield>
   </marc:datafield>
   <marc:datafield ind1="0" ind2="0" tag="245">
      <marc:subfield code="b">Thriller | Ein spektakulärer Agententhriller rund um den Mauerfall | Mit exklusivem Farbschnitt in der ersten Auflage</marc:subfield>
   </marc:datafield>
   <marc:datafield ind1=" " ind2="1" tag="264">
      <marc:subfield code="a">Berlin</marc:subfield>
      <marc:subfield code="b">Suhrkamp</marc:subfield>
      <marc:subfield code="c">2025</marc:subfield>
   </marc:datafield>
   <marc:datafield ind1=" " ind2=" " tag="250">
      <marc:subfield code="a">1. Originalausgabe</marc:subfield>
   </marc:datafield>
   <marc:datafield ind1="1" ind2=" " tag="520">
      <marc:subfield code="a">Einen Raubvogel wie mich hast du noch nie gesehen##Im Herbst 1989 führt Luzy Morgenroth auf Amrum das Leben einer Provinzpolizistin. Kaum jemand ahnt, dass sie vor langer Zeit eine Andere war. Als in einer Sturmnacht ein Einheimischer spurlos von der Fähre verschwindet, muss sie sich einem Killerkommando stellen, das auf die Insel kam, und verwandelt sich wieder in die Luzy von früher. Eine Waffe.##In einem spektakulären Agententhriller schickt Pflüger seine Heldin am Ende des Kalten Krieges als Racheengel um die halbe Welt. Sie tritt gegen ein Geheimdienstimperium an, das den Mann beschützt, der ihr Leben zerstörte. Und es wird sich zeigen, wer kälter ist: ihr Todfeind oder sie.</marc:subfield>
   </marc:datafield>
   <marc:datafield ind1=" " ind2=" " tag="020">
      <marc:subfield code="a">9783518432587</marc:subfield>
      <marc:subfield code="9">9783518432587</marc:subfield>
   </marc:datafield>
   <marc:datafield ind1=" " ind2=" " tag="041">
      <marc:subfield code="a">ger</marc:subfield>
   </marc:datafield>
   <marc:datafield ind1=" " ind2=" " tag="500">
      <marc:subfield code="a">&#x80; 25,70</marc:subfield>
   </marc:datafield>
   <marc:datafield ind1=" " ind2=" " tag="300">
      <marc:subfield code="a">495 Seiten</marc:subfield>
   </marc:datafield>
</marc:record>
